Statistics for Sufjan Stevens - Fourth of July Lyrics

Click here to take the quiz!

General Stats

  • This quiz has been taken 179 times
  • The average score is 22 of 30

Answer Stats

HintAnswer% Correct
Why __ ___ ___?do you cry
96%
Why __ ___ ___?do you cry
96%
Why __ ___ ___?do you cry
96%
Why __ ___ ___?do you cry
96%
__'__ ___ _____ ___... (x7)We're all gonna die
95%
Or the Fourth of July? __'__ ___ _____ ___.We're all gonna die
95%
Or the Fourth of July? __'__ ___ _____ ___.We're all gonna die
95%
Oh, could I be the sky on the ______ __ ____?Fourth of July
93%
It was night when you died, __ _______my firefly
89%
Though it never ____ _____,felt right
85%
Did you get ______ ____, my little dove?enough love
83%
What could I have said to _____ ___ ____ the dead,raise you from
82%
Well, you do ______ ____, my little hawkenough talk
80%
Well, you do ______ ____, my little hawkenough talk
80%
And I'm sorry _ ____, but it was for the bestI left
80%
The evil, it spread like a _____ _____fever ahead
79%
Was it all a disguise, like ______ ____?junior high
79%
Sitting at the bed with the ____ at your headhalo
74%
Where everything was fiction, ______ ___ __________future and prediction
64%
My little __________Versailles
61%
Shall we ____ __ ___ ____, my little loonlook at the moon
60%
Tell me, what did you learn from the _________ ____,Tillamook Burn
60%
Tell me, what did you learn from the _________ ____,Tillamook Burn
60%
The hospital asked, should the ____ __ ____body be cast
59%
Such a _____ _______ to wrap you up in clothfunny thought
58%
Before I say goodbye? My ____ __ ___ ___star in the sky
57%
Now, where am I? __ ______ ______My fading supply
50%
Do you find it alright, my _________?dragonfly
43%
____ ___ ____ of your lifeMake the most
42%
While it is ____, while it is lightrife
29%

Score Distribution

Percentile by Number Answered

Percent of People with Each Score

Your Score History

You have not taken this quiz